<?xml version="1.0" encoding="UTF-8"?>
<record
    xmlns:xsi="http://www.w3.org/2001/XMLSchema-instance"
    xsi:schemaLocation="http://www.loc.gov/MARC21/slim http://www.loc.gov/standards/marcxml/schema/MARC21slim.xsd"
    xmlns="http://www.loc.gov/MARC21/slim">

  <leader>01438nam a22002057a 4500</leader>
  <controlfield tag="005">20230113150734.0</controlfield>
  <controlfield tag="008">230113b           ||||| |||| 00| 0 eng d</controlfield>
  <datafield tag="020" ind1=" " ind2=" ">
    <subfield code="a">9789380147604</subfield>
  </datafield>
  <datafield tag="040" ind1=" " ind2=" ">
    <subfield code="c">AL</subfield>
  </datafield>
  <datafield tag="041" ind1=" " ind2=" ">
    <subfield code="a">eng</subfield>
  </datafield>
  <datafield tag="082" ind1=" " ind2=" ">
    <subfield code="2">23</subfield>
    <subfield code="a">380</subfield>
    <subfield code="b">SARE</subfield>
  </datafield>
  <datafield tag="100" ind1=" " ind2=" ">
    <subfield code="a">W.K .Sarwade</subfield>
    <subfield code="9">69141</subfield>
  </datafield>
  <datafield tag="245" ind1=" " ind2=" ">
    <subfield code="a">Emerging Trends in Commerce and Management</subfield>
  </datafield>
  <datafield tag="260" ind1=" " ind2=" ">
    <subfield code="a">New Delhi</subfield>
    <subfield code="b">Pacific Publication</subfield>
    <subfield code="c">2011</subfield>
  </datafield>
  <datafield tag="300" ind1=" " ind2=" ">
    <subfield code="a">596p.</subfield>
    <subfield code="b">HB</subfield>
    <subfield code="c">14x22cm.</subfield>
  </datafield>
  <datafield tag="365" ind1=" " ind2=" ">
    <subfield code="2">General</subfield>
    <subfield code="a">IN-13251</subfield>
    <subfield code="b">&#x20B9;1191.00</subfield>
    <subfield code="c">&#x20B9;</subfield>
    <subfield code="d">&#x20B9;1191.00</subfield>
    <subfield code="f">06-01-2023</subfield>
  </datafield>
  <datafield tag="520" ind1=" " ind2=" ">
    <subfield code="a">The world is experiencing an unprecedented economic slowdown. There seems to be no end to the US financial crisis. It deflationary effects are not spreading to other economy. Though it is true that we are in a global recession, the media hype is so high that there is panic virtually everywhere. There is a clear lack of understanding of the word "recession". Economic describe recession as reduction of country's GDP (Gross Domestic Production) for two consecutive quarters i.e. an increase in unemployment (1.5% in a period of 12 months). The book includes the various research papers on the different topics of the commerce and Management emerging issues. It also relates with the different emerging issues on marketing, finance, Banking, Human resource management. Rural Marketing, Globalization and Foreign direct investment, Global Recession and other important issues.</subfield>
  </datafield>
  <datafield tag="650" ind1=" " ind2=" ">
    <subfield code="2">Commerce</subfield>
  </datafield>
  <datafield tag="942" ind1=" " ind2=" ">
    <subfield code="2">ddc</subfield>
    <subfield code="c">BK</subfield>
  </datafield>
  <datafield tag="999" ind1=" " ind2=" ">
    <subfield code="c">226379</subfield>
    <subfield code="d">226379</subfield>
  </datafield>
  <datafield tag="952" ind1=" " ind2=" ">
    <subfield code="0">0</subfield>
    <subfield code="1">0</subfield>
    <subfield code="2">ddc</subfield>
    <subfield code="4">0</subfield>
    <subfield code="7">0</subfield>
    <subfield code="8">MCOM</subfield>
    <subfield code="a">SACPG</subfield>
    <subfield code="b">SACPG</subfield>
    <subfield code="d">2023-01-13</subfield>
    <subfield code="e">Amazon In</subfield>
    <subfield code="g">1191.00</subfield>
    <subfield code="l">0</subfield>
    <subfield code="o">380 SARE</subfield>
    <subfield code="p">PG024179</subfield>
    <subfield code="r">2023-01-13 00:00:00</subfield>
    <subfield code="v">1191.00</subfield>
    <subfield code="w">2023-01-13</subfield>
    <subfield code="y">BK</subfield>
  </datafield>
</record>
